Ptaki stwierdzone w polsce na litere R - Statystyki

Ogólne statystyki
  • Ten quiz został rozwiązany 43 razy
  • Średni wynik to 13 z 21
Statystyki odpowiedzi
Odpowiedź % Poprawnych
raniuszek
85%
rudzik
81%
remiz
74%
rybitwa czarna
70%
rybitwa białoczelna
67%
rybitwa rzeczna
67%
rybitwa wielkodzioba
67%
rybołów
67%
raróg
63%
rybitwa białowąsa
63%
rokitniczka
59%
rybitwa białoskrzydła
59%
rybitwa czubata
56%
rybitwa popielata
56%
rożeniec
52%
rybitwa różowa
52%
rycyk
48%
rzepołuch
48%
raróg górski
44%
rybitwa krótkodzioba
44%
rybaczek srokaty
41%
Nie znaleziono quizów pasujących do podanych kryteriów
Rozkład punktacji
Procent ludzi z każdym wynikiem
Percentyl według liczby udzielonych odpowiedzi
Twoja historia wyników
Nie rozwiązałeś tego quizu